000 00424nam a22001817a 4500
005 20180717100928.0
008 160623b xxu||||| |||| 00| 0 eng d
020 _a978-81-7194-556-6
041 _aeng
082 _b9050
_a658.1511
100 _aGhosh. T.P.
_9521
245 _aFinancial Accounting for Managers
250 _a4th ed.
260 _bTaxmann
300 _a671p,
650 _aManagement
_9241
942 _cBK
999 _c3599
_d3598